Statistiques concernant 2023 Calendrier de l'Avent 8 : Qui distribue les cadeaux

Cliquez ici pour prendre le quiz!

Statistiques générales

  • Ce quiz a été pris 21 fois
  • Le résultat moyen est 5 sur 24

Statistiques - réponses

HintRéponse% Correct
FrancePère Noël
100%
Etats-UnisPère Noël
45%
EspagneRois Mages
35%
AllemagneSaint Nicolas
35%
ItalieBefana
25%
AustraliePère Noël
25%
IrlandePère Noël
25%
BrésilPère Noël
25%
FinlandePère Noël
25%
BelgiqueSaint Nicolas
25%
RussieGrand-Père hiver
20%
SuisseSaint Nicolas
15%
AutricheEnfant Jésus
10%
IslandeLutins
10%
MexiqueRois Mages
10%
Pays-BasSaint Nicolas
10%
ChiliVieux berger
10%
HongrieEnfant Jésus
5%
ArménieGrand-Père hiver
5%
SuèdeLutin
5%
DanemarkLutins
5%
ArgentineRois Mages
5%
GrèceSaint Basile
5%
LuxembourgSaint Nicolas
5%

Distribution des résultats

Percentile par nombre de réponses

% des personnes avec chaque résultat

Votre développement - résultats

Vous n’avez pas pris ce quiz